Νοητική καθυστέρηση μια ερευνητική προσέγγιση σε ειδικό σχολείο στο χώρο των προμαθηματικών εννοιών ; μελέτες περιπτώσεων ; διπλωματική εργασία

Saved in:
Bibliographic Details
Main Author: Τύρη, Άννα
Corporate Author: Πανεπιστήμιο Αιγαίου Σχολή Ανθρωπιστικών Σπουδών Τμήμα Δημοτικής Εκπαίδευσης
Other Authors: Πολεμικός, Νικήτας Ε. (Thesis advisor), Τσαμπαρλή-Κιτσαρά, Αναστασία (Thesis advisor), Καΐλα, Μαρία Α. (Thesis advisor)
Format: Thesis Book
Language:Greek
Published: Ρόδος : Πανεπιστήμιο Αιγαίου, Τμήμα Δημοτικής Εκπαίδευσης, 1995.
Subjects:
Tags: Add Tag
No Tags, Be the first to tag this record!

MARC

LEADER 00000cam a2200000 i 4500
001 1/58963
008 040722s1995 gre d
035 |l 10074035 
040 |a GR-MY-UA  |b gre  |e aacr 
041 0 |a gre 
082 7 |a 155.4528   |2 (21) 
100 1 |a Τύρη, Άννα. 
245 1 0 |a Νοητική καθυστέρηση /μαθησιακές δυσκολίες :   |b μια ερευνητική προσέγγιση σε ειδικό σχολείο στο χώρο των προμαθηματικών εννοιών ; μελέτες περιπτώσεων ; διπλωματική εργασία /   |c Τύρη Άννα ; εποπτεύουσα διδάσκουσα: Καϊλα Μαρία ; εξεταστική επιτροπή: Ν. Πολεμικός, Αναστασία Τσαμπαρλή-Κιτσαρά.  
260 |a Ρόδος :   |b Πανεπιστήμιο Αιγαίου, Τμήμα Δημοτικής Εκπαίδευσης,   |c 1995.  
300 |a 598 σ. 
502 |a Πτυχιακή εργασία – Πανεπιστήμιο Αιγαίου, Ρόδος, 1995. 
504 |a Περιέχει βιβλιογραφικές αναφορές.  
610 2 0 |a University of the Aegean  |x Dissertations. 
650 0 0 |a Mental retardation. 
650 0 0 |a Children with mental disabilities  |x Education. 
650 0 0 |a Dissertations, Academic  |z Greece. 
700 1 |a Πολεμικός, Νικήτας Ε.  |4 ths 
700 1 |4 ths  |a Τσαμπαρλή-Κιτσαρά, Αναστασία. 
700 1 |4 ths  |a Καΐλα, Μαρία Α. 
710 2 |a Πανεπιστήμιο Αιγαίου  |b Σχολή Ανθρωπιστικών Σπουδών  |b Τμήμα Δημοτικής Εκπαίδευσης. 
852 |a INST  |b RHODES  |c DIATR  |e 20040722  |h 155.4528 ΤΥΡ  |p 005400018654  |q 005400018654  |t DIE  |y 23 
901 |a BIBL4-2004-2 
909 |a Ρ  |b 109835 
924 |a ΤΥΡΗ  |b ΑΝΝΑ  |y Ρόδος  |z 1995-02 
970 |a ΚΟΥΛΑΚΙΟΤΗ  |b ΛΙΤΣΑ  |z 2004/07/23